[Event "Doha 2006"]
[Site "Doha"]
[Date "2006.12.07"]
[Round "2"]
[White "Kasimdzhanov, R. (UZB)."]
[Black "Bu, Xiangzhi(CHN)"]
[Result "1/2-1/2"]
[WhiteElo "2672"]
[BlackElo "2671"]
[PlyCount "45"]
[EventDate "2006.??.??"]
[WhiteTeam "Uzbekistan"]
[BlackTeam "China"]
[WhiteTeamCountry "UZB"]
[BlackTeamCountry "CHN"]

1. d4 d5 2. c4 c6 3. Nc3 Nf6 4. Nf3 dxc4 5. a4 Bf5 6. e3 e6 7. Bxc4 Bb4 8. O-O
O-O 9. Nh4 Nbd7 10. Nxf5 exf5 11. Qc2 Nb6 12. Bd3 g6 13. a5 Nbd5 14. a6 b6 15.
Bd2 Rc8 16. Qb3 Bd6 17. Nxd5 cxd5 18. Rfc1 Qd7 19. g3 Qe6 20. Kg2 h5 21. h4 Ne4
22. Bb4 Rfd8 23. Bxd6 1/2-1/2

[Event "Doha 2006"]
[Site "Doha"]
[Date "2006.12.07"]
[Round "2"]
[White "Sabirova, Olga (UZB)"]
[Black "Zhao, Xue (CHN)"]
[Result "1-0"]
[WhiteElo "2230"]
[BlackElo "2467"]
[PlyCount "85"]
[EventDate "2006.??.??"]
[WhiteTeam "Uzbekistan"]
[BlackTeam "China"]
[WhiteTeamCountry "UZB"]
[BlackTeamCountry "CHN"]

1. e4 c5 2. Nc3 d6 3. f4 g6 4. Nf3 Bg7 5. Bc4 Nc6 6. O-O Nf6 7. d3 O-O 8. Qe1
e6 9. f5 d5 10. e5 Nxe5 11. Nxe5 dxc4 12. fxg6 hxg6 13. Nxc4 Nh7 14. Bf4 Re8
15. Ne5 Rf8 16. Kh1 b6 17. Qe4 Ba6 18. Rae1 Qc8 19. Qe3 Qd8 20. Qh3 Bb7 21. Ne4
g5 22. Bg3 f5 23. Ng6 Rf7 24. Nd6 Rf6 25. Nxb7 Qd7 26. Nxc5 bxc5 27. Ne5 Qb7
28. Qh5 Qxb2 29. Rb1 Qxa2 30. Rb7 f4 31. Ng4 Qd5 {Diagram #} 32. Qxh7+ Kxh7 33.
Nxf6+ Kg6 34. Nxd5 exd5 35. Bf2 a5 36. Bxc5 Bc3 37. Rfb1 Re8 38. h3 Kf5 39. Re7
Rc8 40. d4 g4 41. Re5+ Kf6 42. Rb6+ Kf7 43. Re7+ 1-0

[Event "Doha 2006"]
[Site "Doha"]
[Date "2006.12.07"]
[Round "2"]
[White "Al-Modiahki, M. (QAT) ."]
[Black "Adianto, Utut (INA)"]
[Result "1-0"]
[WhiteElo "2550"]
[BlackElo "2589"]
[PlyCount "143"]
[EventDate "2006.??.??"]
[WhiteTeam "Qatar"]
[BlackTeam "Indonesien"]
[WhiteTeamCountry "QAT"]
[BlackTeamCountry "INA"]

1. e4 d5 2. exd5 Nf6 3. Nf3 Nxd5 4. d4 g6 5. Be2 Bg7 6. O-O O-O 7. Re1 Nc6 8.
c3 a6 9. a4 Bg4 10. h3 Bxf3 11. Bxf3 e6 12. a5 Rb8 13. Qb3 Nce7 14. Nd2 Nf5 15.
Ne4 Qc8 16. Nc5 Qd8 17. Bxd5 exd5 18. Bf4 Bf6 19. Qa4 Bg5 20. Bh2 Ra8 21. Qd7
Qxd7 22. Nxd7 Rfc8 23. Re2 Re8 24. Rxe8+ Rxe8 25. Kf1 Re7 26. Nc5 Nd6 27. Bxd6
cxd6 28. Nd3 Re4 29. Nb4 Rf4 30. g3 Rf5 31. Kg2 h5 32. h4 Bd8 33. f4 Kf8 34.
Nc2 Rf6 35. Ne3 Re6 36. Kf3 Ke7 37. Nxd5+ Kd7 38. Ne3 f5 39. Ke2 Re4 40. Kd3
Kc6 41. d5+ Kd7 42. Nc2 Bf6 43. b4 Kc7 44. Re1 b6 45. axb6+ Kxb6 46. Ra1 Kb7
47. Rb1 Re8 48. Na3 Bd8 49. Nc4 Bc7 50. Ra1 Re7 51. Rf1 Kc8 52. Ra1 Kb7 53.
Na5+ Kb6 54. Nc6 Re8 55. Nd4 Bd8 56. Ne6 Bf6 57. Rb1 Rb8 58. c4 Ka7 59. Kc2 Rc8
60. Kb3 a5 61. c5 Ka6 62. Kc4 axb4 63. Rxb4 dxc5 64. Nxc5+ Ka7 65. d6 Bd8 66.
Kd5 Ba5 67. Rb7+ Ka8 68. Rb3 Ka7 69. d7 Rh8 70. Ra3 Kb6 71. Ne6 Bb4 72. Rb3 1-0

[Event "Doha 2006"]
[Site "Doha"]
[Date "2006.12.07"]
[Round "2"]
[White "Megaranto, S. (INA)."]
[Black "Al Sayed, M. N. (QAT)."]
[Result "1/2-1/2"]
[WhiteElo "2492"]
[BlackElo "2486"]
[PlyCount "134"]
[EventDate "2006.??.??"]
[WhiteTeam "Indonesien"]
[BlackTeam "Qatar"]
[WhiteTeamCountry "INA"]
[BlackTeamCountry "QAT"]

1. e4 c6 2. d4 d5 3. Nc3 dxe4 4. Nxe4 Bf5 5. Ng3 Bg6 6. h4 h6 7. Nf3 Nd7 8. h5
Bh7 9. Bd3 Bxd3 10. Qxd3 e6 11. Bf4 Qa5+ 12. Bd2 Bb4 13. c3 Be7 14. c4 Qc7 15.
O-O-O Ngf6 16. Ne4 b5 17. c5 a5 18. Kb1 a4 19. Nxf6+ Nxf6 20. Ne5 Nd5 21. f4
Bf6 22. g4 a3 23. b3 O-O-O 24. b4 Bxe5 25. fxe5 Qa7 26. Rh3 Qa4 27. Qc2 Qxc2+
28. Kxc2 f6 29. exf6 Nxf6 30. Rxa3 Kb7 31. Re1 Rhe8 32. Rd3 Rd7 33. Rg1 Red8
34. g5 hxg5 35. Rxg5 Rh8 36. Re3 Rxh5 37. Rxh5 Nxh5 38. Rxe6 Rxd4 39. Re7+ Kc8
40. Bc3 Rd7 41. Re6 Kb7 42. Be5 Rf7 43. a4 bxa4 44. b5 cxb5 45. Rb6+ Kc8 46. c6
Rc7 47. Kc3 Nf6 48. Kd4 Kd8 49. Bxf6+ gxf6 50. Kd5 Kc8 51. Rxb5 Re7 52. Kd6 Re3
53. Ra5 Rd3+ 54. Kc5 a3 55. Kb6 Rb3+ 56. Kc5 f5 57. Kd6 Rd3+ 58. Ke5 Kc7 59.
Ra6 Rf3 60. Kd5 Re3 61. Ra7+ Kb8 62. Ra4 Rd3+ 63. Ke5 Kc7 64. Ra6 Rf3 65. Kd5
Rc3 66. Ke5 Rf3 67. Kd5 f4 1/2-1/2

[Event "Doha 2006"]
[Site "Doha"]
[Date "2006.12.07"]
[Round "2"]
[White "Sasikiran, K.(IND)."]
[Black "Annaberdiev, M. (TKM)."]
[Result "1-0"]
[WhiteElo "2675"]
[BlackElo "2457"]
[PlyCount "110"]
[EventDate "2006.??.??"]
[WhiteTeam "Indien"]
[BlackTeam "Turkmenistan"]
[WhiteTeamCountry "IND"]
[BlackTeamCountry "TKM"]

1. d4 d5 2. c4 c6 3. Nf3 Nf6 4. Nc3 dxc4 5. a4 Bf5 6. e3 e6 7. Bxc4 Bb4 8. O-O
O-O 9. Qe2 Nbd7 10. e4 Bg6 11. Bd3 Qa5 12. e5 Nd5 13. Bxg6 fxg6 14. Ne4 Be7 15.
Bd2 Nf4 16. Bxf4 Rxf4 17. g3 Rf5 18. Nfd2 Nb6 19. Rfd1 Rd8 20. Nf1 Nd5 21. Ne3
Nxe3 22. fxe3 Rdf8 23. Nc3 Bb4 24. Qc4 Bxc3 25. bxc3 Qd5 26. Qxd5 cxd5 27. Rdb1
R8f7 28. Ra2 Rc7 29. a5 Rf3 30. Re2 g5 31. g4 h6 32. Kg2 Rff7 33. Rb3 Rc4 34.
Reb2 Rcc7 35. Rf2 Kf8 36. Kf1 Ke8 37. Rxf7 Rxf7+ 38. Ke2 Kd8 39. Rb4 h5 40.
gxh5 Kc7 41. c4 dxc4 42. Rxc4+ Kd7 43. Rc1 Rf5 44. h3 Rf8 45. Rg1 Rf5 46. Kd3
Kc6 47. Rc1+ Kd7 48. Ke4 Rf2 49. Rg1 Rh2 50. Rxg5 Rxh3 51. Rxg7+ Kc6 52. Rh7
Rh4+ 53. Kd3 Rh1 54. Re7 Rxh5 55. Rxe6+ Kd5 1-0

[Event "Doha 2006"]
[Site "Doha"]
[Date "2006.12.07"]
[Round "2"]
[White "Amanov, M. (TKM) ."]
[Black "Harikrishna, P. (IND)."]
[Result "0-1"]
[WhiteElo "2339"]
[BlackElo "2674"]
[PlyCount "180"]
[EventDate "2006.??.??"]
[WhiteTeam "Turkmenistan"]
[BlackTeam "Indien"]
[WhiteTeamCountry "TKM"]
[BlackTeamCountry "IND"]

1. d4 Nf6 2. c4 e6 3. Nf3 b6 4. g3 Ba6 5. b3 b5 6. cxb5 Bxb5 7. Bg2 Bb4+ 8. Bd2
a5 9. O-O Bc6 10. a3 Be7 11. Nc3 O-O 12. Qc2 Bxf3 13. Bxf3 d5 14. Na4 Bd6 15.
Rfc1 Nbd7 16. Nc5 Bxc5 17. dxc5 c6 18. b4 a4 19. Bc3 e5 20. Bg2 Qe7 21. Bb2
Rfb8 22. e3 Ne8 23. Bh3 e4 24. Qe2 f6 25. Qg4 Nf8 26. Rf1 Nc7 27. f3 exf3 28.
Rxf3 Ng6 29. Qd7 Qxd7 30. Bxd7 Nf8 31. Bf5 Nfe6 32. Rf2 Re8 33. Rd1 Rad8 34. h4
Nb5 35. Bc2 Ra8 36. Re2 Nec7 37. Kf2 Re7 38. g4 Ne6 39. Bd3 Nec7 40. Bc2 Rf7
41. Kg3 Rd7 42. Kf2 Re7 43. Rdd2 Ne6 44. Bd3 Nbc7 45. Bc2 Rd7 46. Rd1 Rdd8 47.
Kg3 h6 48. Rdd2 Kf7 49. Rd1 Nb5 50. Bd3 Nbc7 51. Bc2 Rd7 52. Rdd2 Kg8 53. Rd1
Nb5 54. Bd3 Nbc7 55. Bc2 Ra7 56. Rdd2 Kf8 57. Rd1 Nb5 58. Bd3 Rd8 59. Red2 Rad7
60. Bc2 Ra8 61. Bd3 Nec7 62. Re2 Re7 63. Bc2 d4 64. Kf2 Nc3 65. Bxc3 dxc3 66.
Bd3 Rd8 67. Bc2 Rxd1 68. Bxd1 Nb5 69. Bxa4 Nxa3 70. Bxc6 c2 71. Re1 Nc4 72. Rc1
Ne5 73. Bb5 Nxg4+ 74. Kf3 Nxe3 75. c6 Nf5 76. Ba4 Nd4+ 77. Kf2 Ra7 78. b5 Ke7
79. b6 Rxa4 80. Rxc2 Nxc6 81. Rxc6 g5 82. b7 Rb4 83. Rc7+ Ke6 84. Rh7 g4 85.
Kg3 Kf5 86. Rc7 Rb3+ 87. Kg2 Kg6 88. Rc5 f5 89. Rc7 Kh5 90. Rh7 f4 0-1

[Event "Doha 2006"]
[Site "Doha"]
[Date "2006.12.07"]
[Round "2"]
[White "Koneru Humpy, H. (IND)."]
[Black "Geldyeva, M. (TKM)."]
[Result "1-0"]
[WhiteElo "2545"]
[BlackElo "2273"]
[PlyCount "87"]
[EventDate "2006.??.??"]
[WhiteTeam "Indien"]
[BlackTeam "Turkmenistan"]
[WhiteTeamCountry "IND"]
[BlackTeamCountry "TKM"]

1. d4 d5 2. Nf3 Nf6 3. e3 Bf5 4. c4 c6 5. Nc3 e6 6. Nh4 Bg6 7. Nxg6 hxg6 8. g3
Nbd7 9. Bg2 Be7 10. Qe2 Qc7 11. O-O O-O 12. b3 Rad8 13. Bb2 Rfe8 14. Rac1 Qb8
15. Rfd1 Bf8 16. a3 a6 17. e4 b5 18. e5 Nh7 19. c5 g5 20. Na2 a5 21. Rc2 f6 22.
f4 gxf4 23. gxf4 g5 24. Nc1 gxf4 25. Nd3 Bg7 26. Rf1 fxe5 27. dxe5 Re7 28. Qg4
Rf8 29. Re2 Rf5 30. h4 Nhf8 31. Rxf4 Rxf4 32. Nxf4 Nxc5 33. Nh5 Nfd7 34. Nf6+
Kf8 35. b4 axb4 36. axb4 Na4 37. Bd4 Bxf6 38. exf6 Rf7 39. Qxe6 Qd8 40. Qd6+
Kg8 41. Re7 Nab6 42. Qg3+ Kf8 43. Rxf7+ Kxf7 44. Qg7+ 1-0

[Event "Doha 2006"]
[Site "Doha"]
[Date "2006.12.07"]
[Round "2"]
[White "Dao Thien, Hai (VIE)"]
[Black "Sadvakasov, D. (KAZ)."]
[Result "1-0"]
[WhiteElo "2557"]
[BlackElo "2596"]
[PlyCount "153"]
[EventDate "2006.??.??"]
[WhiteTeam "Vietnam"]
[BlackTeam "Kazakhstan"]
[WhiteTeamCountry "VIE"]
[BlackTeamCountry "KAZ"]

1. d4 Nf6 2. c4 e6 3. Nf3 b6 4. a3 Bb7 5. Nc3 d5 6. Bg5 Be7 7. Qa4+ Qd7 8.
Qxd7+ Nbxd7 9. Nb5 Bd8 10. cxd5 Nxd5 11. Bxd8 Kxd8 12. Rc1 a6 13. Nc3 Nxc3 14.
Rxc3 Rc8 15. e3 Ke7 16. Be2 c5 17. O-O cxd4 18. exd4 Rxc3 19. bxc3 Rc8 20. Rc1
b5 21. Nd2 e5 22. dxe5 Nxe5 23. f3 Bd5 24. Kf2 g5 25. Ke3 f5 26. g3 Kf6 27. Kf2
Bf7 28. Rc2 h5 29. Rc1 Rc6 30. Rc2 Bd5 31. Rc1 Rc7 32. Rc2 h4 33. Rc1 hxg3+ 34.
hxg3 Rh7 35. Nf1 Nc4 36. Rd1 Ke5 37. Re1 Kd6 38. Ne3 Nxe3 39. Kxe3 Kc5 40. Ra1
Rh3 41. Rg1 Bc4 42. Bd1 Rh2 43. a4 a5 44. axb5 Bxb5 45. g4 f4+ 46. Ke4 Rb2 47.
Kf5 Rb1 48. Re1 a4 49. Re5+ Kd6 50. Be2 Bd7+ 51. Kf6 Re1 52. Re4 a3 53. Rd4+
Kc7 54. Bc4 Re3 55. Bd5 Rxc3 56. Kxg5 a2 57. Bxa2 Rxf3 58. Bb1 Rf1 59. Bf5 Bc6
60. Kf6 f3 61. g5 Rg1 62. Rf4 Kd6 63. g6 Bd5 64. Bg4 Rg3 65. g7 Kc5 66. Bh5 Kd6
67. Bg6 Bg8 68. Be4 Bd5 69. Bf5 Kc5 70. Bg4 Kc6 71. Kg5 Kc7 72. Rf6 Rg1 73. Rf4
Rg2 74. Kf6 Kd6 75. Rd4 Kc6 {Diagram #} 76. Rxd5 Rxg4 77. Rf5 1-0

[Event "Doha 2006"]
[Site "Doha"]
[Date "2006.12.07"]
[Round "2"]
[White "Kazhgaleyev, M. (KAZ)."]
[Black "Nguyen, A. D. (VIE)."]
[Result "0-1"]
[WhiteElo "2609"]
[BlackElo "2541"]
[PlyCount "86"]
[EventDate "2006.??.??"]
[WhiteTeam "Kazakhstan"]
[BlackTeam "Vietnam"]
[WhiteTeamCountry "KAZ"]
[BlackTeamCountry "VIE"]

1. d4 d5 2. c4 c6 3. Nf3 Nf6 4. e3 e6 5. Bd3 Nbd7 6. O-O dxc4 7. Bxc4 b5 8. Bd3
a6 9. e4 c5 10. d5 c4 11. Bc2 Bb7 12. Qe2 Qc7 13. dxe6 fxe6 14. Ng5 Nc5 15. e5
Qc6 16. f3 Nd5 17. Nc3 Nd3 18. Bxd3 Nxc3 19. bxc3 cxd3 20. Qxd3 Rd8 21. Qe2 Be7
22. Ne4 O-O 23. Be3 Rd5 24. Bd4 b4 25. Rac1 Rc8 26. h3 Qd7 27. Kh1 a5 28. Qf2
a4 29. Qg3 bxc3 30. Bxc3 Rd3 31. Qe1 Bxe4 32. fxe4 Bg5 33. Rc2 h6 34. h4 Be3
35. Kh2 {Diagram #} Bd4 36. Bxd4 Rxc2 37. Be3 Qb5 38. Bf4 Qb2 39. Rg1 Qa3 40.
Kh1 Qxa2 41. Qb4 Kh7 42. Qe7 Rf2 43. Bh2 Rdd2 0-1

[Event "Doha 2006"]
[Site "Doha"]
[Date "2006.12.07"]
[Round "2"]
[White "Nguyen Thi, T. A. (VIE)."]
[Black "Aketaeva, D. (KAZ)."]
[Result "1/2-1/2"]
[WhiteElo "2312"]
[BlackElo "2312"]
[PlyCount "99"]
[EventDate "2006.??.??"]
[WhiteTeam "Vietnam"]
[BlackTeam "Kazakhstan"]
[WhiteTeamCountry "VIE"]
[BlackTeamCountry "KAZ"]

1. c4 Nf6 2. Nc3 e6 3. e4 d5 4. cxd5 exd5 5. e5 d4 6. exf6 dxc3 7. Qe2+ Be6 8.
dxc3 Qxf6 9. Nf3 Qe7 10. Bg5 f6 11. Bf4 Na6 12. Nd4 Bd5 13. Qxe7+ Kxe7 14. Bxa6
bxa6 15. Bxc7 Bxg2 16. Rg1 Bd5 17. O-O-O Kf7 18. Nf5 Be6 19. Nd6+ Bxd6 20. Rxd6
Rhc8 21. Ba5 g5 22. Re1 Bxa2 23. Rxa6 Bc4 24. Rd6 a6 25. Rd7+ Kg6 26. Ree7 h5
27. Bb6 Re8 28. Rg7+ Kf5 29. Be3 Rad8 30. Kc2 Bd5 31. b3 Bc6 32. Rxd8 Rxd8 33.
Bd4 Be4+ 34. Kd2 Bd5 35. b4 Bc4 36. Rc7 Bb5 37. Ke3 Re8+ 38. Kf3 Be2+ 39. Kg2
g4 40. Rc5+ Kg6 41. Kg3 h4+ 42. Kxh4 Rh8+ 43. Kg3 Rh3+ 44. Kf4 Rf3+ 45. Ke4 Rh3
46. Kf4 Rf3+ 47. Ke4 Rh3 48. Kf4 Rf3+ 49. Ke4 Rh3 50. Kf4 1/2-1/2

[Event "Doha 2006"]
[Site "Doha"]
[Date "2006.12.07"]
[Round "2"]
[White "Ghaem M., E. (IRI)."]
[Black "Hossain, E. (BAN)."]
[Result "1/2-1/2"]
[WhiteElo "2581"]
[BlackElo "2503"]
[PlyCount "28"]
[EventDate "2006.??.??"]
[WhiteTeam "Iran"]
[BlackTeam "Bangladesch"]
[WhiteTeamCountry "IRI"]
[BlackTeamCountry "BAN"]

1. d4 d5 2. c4 c6 3. Nf3 Nf6 4. Nc3 dxc4 5. a4 Bf5 6. e3 e6 7. Bxc4 Nbd7 8. O-O
Bb4 9. Qe2 O-O 10. e4 Bg6 11. e5 Nd5 12. Nxd5 cxd5 13. Bd3 h6 14. Be3 Qe7
1/2-1/2

[Event "Doha 2006"]
[Site "Doha"]
[Date "2006.12.07"]
[Round "2"]
[White "Reefat, Bin-Sattar (BAN)"]
[Black "Moradiabadi, E. (IRI)."]
[Result "0-1"]
[WhiteElo "2489"]
[BlackElo "2539"]
[PlyCount "146"]
[EventDate "2006.??.??"]
[WhiteTeam "Bangladesch"]
[BlackTeam "Iran"]
[WhiteTeamCountry "BAN"]
[BlackTeamCountry "IRI"]

1. e4 e5 2. Nf3 Nc6 3. Bc4 Bc5 4. c3 Nf6 5. d3 O-O 6. O-O d6 7. Bb3 a6 8. Be3
Ba7 9. Nbd2 Nh5 10. d4 Qf6 {Diagram #} 11. Nxe5 dxe5 12. Qxh5 exd4 13. Bg5 Qg6
14. Qxg6 hxg6 15. Bf4 Bg4 16. Rfe1 Rac8 17. h3 Bd7 18. Nf3 dxc3 19. bxc3 Na5
20. Bc2 Rfe8 21. Rad1 Be6 22. Bb1 c5 23. Ng5 Bc4 24. e5 Bb8 25. Bg3 Nc6 26. f4
Ne7 27. Rd2 Nd5 28. Be4 Nxc3 29. Bxb7 Rc7 30. Be4 Nxa2 31. e6 f5 32. Bd5 Bxd5
33. Rxd5 Nb4 34. Rd7 c4 35. Rxc7 Bxc7 36. Rc1 Bb6+ 37. Kh2 Rc8 38. Nf7 Nd5 39.
Nd6 Rc6 40. Nxc4 Rxe6 41. Ne5 Bc7 42. Rc5 Bxe5 43. fxe5 Ne7 44. Ra5 g5 45. Be1
Kf7 46. Bd2 f4 47. Kg1 Nf5 48. Bc3 Rc6 49. Bb2 Ke6 50. Ra1 Ng3 51. Kh2 Kf5 52.
Ra5 Rb6 53. e6+ Kxe6 54. Bxg7 Kf7 55. Bd4 Rd6 56. Bg1 Kg6 57. h4 Nf1+ 58. Kh1
gxh4 59. Bc5 Rc6 60. Kg1 Ng3 61. Kh2 Nf5 62. Kh3 Ne3 63. Bxe3 fxe3 64. Re5 Rc3
65. Kxh4 Kf6 66. Ra5 e2 67. Rxa6+ Ke5 68. Ra1 Re3 69. Re1 Kf4 70. g3+ Kf3 71.
g4 Kf2 72. Rh1 e1=Q 73. Rxe1 Rxe1 0-1

[Event "Doha 2006"]
[Site "Doha"]
[Date "2006.12.07"]
[Round "2"]
[White "Pourkashian, A. (IRI)."]
[Black "Akter, S. (BAN)."]
[Result "0-1"]
[WhiteElo "2329"]
[BlackElo "2096"]
[PlyCount "104"]
[EventDate "2006.??.??"]
[WhiteTeam "Iran"]
[BlackTeam "Bangladesch"]
[WhiteTeamCountry "IRI"]
[BlackTeamCountry "BAN"]

1. e4 c5 2. Nf3 e6 3. d4 cxd4 4. Nxd4 Nc6 5. Nc3 Qc7 6. Be2 a6 7. Be3 Nf6 8.
O-O Bb4 9. Na4 Bd6 10. f4 Nxd4 11. Qxd4 e5 12. Qd3 exf4 13. Bd4 b5 14. e5 Bxe5
15. Bxe5 Qxe5 16. Bf3 O-O 17. Bxa8 bxa4 18. Bf3 d5 19. c3 Bf5 20. Qd4 Qxd4+ 21.
cxd4 g5 22. Rfe1 Ne4 23. Rac1 Rb8 24. Bxe4 Bxe4 25. Re2 a5 26. Kf2 Rb6 27. Rc5
Ra6 28. h3 Kg7 29. Re1 Rb6 30. Re2 Ra6 31. Rd2 h5 32. Rd1 Rb6 33. Rd2 Ra6 34.
Rb5 g4 35. hxg4 hxg4 36. Rd1 Rc6 37. Rc5 Rb6 38. Rd2 g3+ 39. Kg1 a3 40. b3 a4
41. b4 Rxb4 42. Rc1 Rb2 43. Rcd1 Kf6 44. Kf1 Kg5 45. Kg1 Kg4 46. Kf1 f3 47. Kg1
f2+ 48. Kf1 f5 49. Re2 Rxe2 50. Kxe2 Bxg2 51. Rf1 Bxf1+ 52. Kxf1 Kh3 0-1

[Event "Doha 2006"]
[Site "Doha"]
[Date "2006.12.07"]
[Round "2"]
[White "Taleb, M. (UAE)."]
[Black "Laylo, D. (PHI)."]
[Result "1-0"]
[WhiteElo "2365"]
[BlackElo "2448"]
[PlyCount "97"]
[EventDate "2006.??.??"]
[WhiteTeam "United Arab Emirates"]
[BlackTeam "Philippinen"]
[WhiteTeamCountry "UAE"]
[BlackTeamCountry "PHI"]

1. d4 d5 2. c4 c6 3. Nc3 Nf6 4. Nf3 a6 5. cxd5 cxd5 6. Bf4 e6 7. e3 Be7 8. Bd3
Nbd7 9. O-O O-O 10. h3 b5 11. Rc1 Bb7 12. a4 b4 13. Nb1 Rc8 14. Qe2 Qa5 15. b3
Ne4 16. Ne5 Nxe5 17. Bxe5 f6 18. Bf4 Nc3 19. Qh5 f5 20. Be5 Qb6 21. Nxc3 bxc3
22. Bc2 a5 23. f4 Ba6 24. Rf2 Qd8 25. g4 g6 26. Qh6 Rf7 27. g5 Qf8 28. Qxf8+
Bxf8 29. h4 h5 30. gxh6 Kh7 31. h5 gxh5 32. Rh2 Ba3 33. Ra1 Bb2 34. Re1 Kxh6
35. Kf2 Rg8 36. Reh1 Rfg7 37. Bd1 c2 38. Bxg7+ Kxg7 39. Rg2+ Kf7 40. Bxc2 Rc8
41. Bd1 Bc1 42. Bxh5+ Ke7 43. Be2 Bxe2 44. Kxe2 Rc3 45. Rg7+ Kd6 46. Rhh7 Rxe3+
47. Kd1 Bb2 48. Rc7 e5 49. fxe5+ 1-0

[Event "Doha 2006"]
[Site "Doha"]
[Date "2006.12.07"]
[Round "2"]
[White "Dableo Ronald, R. (PHI)."]
[Black "Hassan, A. (UAE)."]
[Result "1/2-1/2"]
[WhiteElo "2425"]
[BlackElo "2311"]
[PlyCount "205"]
[EventDate "2006.??.??"]
[WhiteTeam "Philippinen"]
[BlackTeam "United Arab Emirates"]
[WhiteTeamCountry "PHI"]
[BlackTeamCountry "UAE"]

1. c4 b6 2. Nc3 Bb7 3. e4 e6 4. Nge2 Nf6 5. d3 c5 6. f4 d5 7. cxd5 exd5 8. e5
d4 9. exf6 dxc3 10. Nxc3 Qxf6 11. Qe2+ Be7 12. Ne4 Qd4 13. Be3 Qb4+ 14. Qd2
Qxd2+ 15. Bxd2 Nc6 16. Bc3 Nd4 17. Bxd4 cxd4 18. f5 Bb4+ 19. Kd1 O-O 20. Be2
Rac8 21. a3 Be7 22. Bf3 Rc7 23. Rc1 Rfc8 24. Rxc7 Rxc7 25. Kd2 Bxe4 26. dxe4
Bg5+ 27. Kd3 Bc1 28. b3 Be3 29. Rb1 Rc3+ 30. Ke2 Bh6 31. Rd1 Be3 32. e5 Rc5 33.
e6 Rxf5 34. exf7+ Kxf7 35. Rf1 Ke7 36. Be4 Rh5 37. h3 g6 38. b4 Re5 39. Kd3 Rg5
40. g4 h5 41. Bf3 hxg4 42. hxg4 Kf6 43. Be2+ Ke6 44. Bd1 Ke7 45. Rh1 a5 46.
Rh7+ Kd6 47. Rb7 Kc6 48. Bf3+ Kb5 49. bxa5 Kxa5 50. Ra7+ Kb5 51. Bd1 Kc6 52.
Bf3+ Kd6 53. Rg7 Ra5 54. Rxg6+ Ke5 55. Rxb6 Rxa3+ 56. Ke2 Kf4 57. Rf6+ Kg3 58.
Be4 Bf4 59. Bf5 Re3+ 60. Kd1 d3 61. g5 Rf3 62. Bxd3 Rxd3+ 63. Kc2 Rd7 64. g6
Rg7 65. Kd3 Kg4 66. Ke4 Re7+ 67. Kd5 Bh6 68. Rf7 Re8 69. g7 Rg8 70. Ke6 Kg5 71.
Rf5+ Kg6 72. Rf6+ Kxg7 73. Rf7+ Kg6 74. Rf6+ Kg5 75. Rf5+ Kg4 76. Rf7 Bg5 77.
Ke5 Re8+ 78. Kd5 Kh5 79. Rg7 Kg4 80. Rf7 Bf4 81. Rg7+ Kf3 82. Rf7 Rd8+ 83. Ke6
Ke4 84. Rd7 Ra8 85. Rd1 Ra6+ 86. Kd7 Be5 87. Ke7 Bd4 88. Re1+ Kd5 89. Kf7 Rf6+
90. Ke7 Rg6 91. Kd7 Ra6 92. Rc1 Rd6+ 93. Ke7 Rh6 94. Rf1 Be5 95. Rd1+ Ke4 96.
Re1+ Kf5 97. Rf1+ Bf4 98. Kd7 Rd6+ 99. Ke7 Rd2 100. Rf3 Ke5 101. Rf1 Rc2 102.
Re1+ Kf5 103. Kf7 1/2-1/2

[Event "Doha 2006"]
[Site "Doha"]
[Date "2006.12.07"]
[Round "2"]
[White "Ayyad Maher, M. (BRN)."]
[Black "Russell, M K A (SRI)."]
[Result "1-0"]
[WhiteElo "2137"]
[BlackElo "2234"]
[PlyCount "99"]
[EventDate "2006.??.??"]
[WhiteTeam "BRN"]
[BlackTeam "Sri Lanka"]
[BlackTeamCountry "SRI"]

1. d4 d5 2. Nf3 Nf6 3. c4 c6 4. e3 e6 5. Nc3 Nbd7 6. b3 Bb4 7. Bd2 O-O 8. Bd3
b6 9. O-O Bb7 10. Nxd5 Nxd5 11. cxd5 Bxd2 12. dxc6 Bxc6 13. Nxd2 Rc8 14. Qe2 e5
15. dxe5 Nxe5 16. Be4 Qh4 17. Bxc6 Rxc6 18. Nf3 Nxf3+ 19. Qxf3 Rh6 20. h3 Rf6
21. Qb7 g5 22. Rad1 h5 23. Rd4 g4 24. Qe7 Kg7 25. f3 Rc8 26. hxg4 Qg3 27. gxh5
Re6 28. Qd7 Qc7 29. Rg4+ Kh6 30. Qd4 Qe5 31. Qxe5 Rxe5 32. e4 Rxh5 33. Rd1 Rc7
34. Kf2 Rg5 35. Rd6+ Rg6 36. Rgxg6+ fxg6 37. f4 Rc2+ 38. Kf3 Rxa2 39. f5 Ra3
40. Rxg6+ Kh7 41. e5 Rxb3+ 42. Kf4 Rb2 43. g4 Re2 44. Re6 Kg8 45. Re7 a5 46.
Rb7 Rb2 47. e6 a4 48. Kg5 a3 49. Kg6 Kf8 50. f6 1-0

[Event "Doha 2006"]
[Site "Doha"]
[Date "2006.12.07"]
[Round "2"]
[White "Anuruddha, G C(SRI)."]
[Black "Ayyad, H. A. (BRN)."]
[Result "0-1"]
[WhiteElo "2204"]
[BlackElo "2003"]
[PlyCount "90"]
[EventDate "2006.??.??"]
[WhiteTeam "Sri Lanka"]
[BlackTeam "BRN"]
[WhiteTeamCountry "SRI"]

1. d4 Nf6 2. Nf3 e6 3. c4 b6 4. a3 Bb7 5. Nc3 Ne4 6. Qc2 Nxc3 7. bxc3 f5 8. e3
Nc6 9. Bb2 Be7 10. Rd1 Na5 11. d5 Bd6 12. c5 Bxc5 13. dxe6 d6 14. Qxf5 Qe7 15.
Ng5 O-O-O 16. c4 Rhf8 17. Qh3 g6 18. Nxh7 Rh8 19. Bf6 Rxh7 20. Bxe7 Rxh3 21.
Bxd8 Kxd8 22. gxh3 Bxh1 23. Bd3 Bf3 24. Be2 Bg2 25. Bg4 Nxc4 26. Ke2 Ke7 27.
Rc1 Bc6 28. Rg1 Ne5 29. h4 Bxa3 30. h5 Bb5+ 31. Kd1 Nxg4 32. Rxg4 gxh5 33. Rg5
Be8 34. Rg7+ Kxe6 35. Rxc7 a5 36. e4 Bg6 37. f3 Bb2 38. Ra7 h4 39. h3 d5 40.
Kc2 dxe4 41. fxe4 Bd4 42. Kd3 Bc5 43. Rg7 Kf6 44. Rg8 a4 45. Ra8 a3 0-1

[Event "Doha 2006"]
[Site "Doha"]
[Date "2006.12.07"]
[Round "2"]
[White "Hakki Imad, I. (SYR)."]
[Black "Nanjo, R. (JPN)."]
[Result "1-0"]
[WhiteElo "2447"]
[BlackElo "2186"]
[PlyCount "117"]
[EventDate "2006.??.??"]
[WhiteTeam "Syrien"]
[BlackTeam "Japan"]
[WhiteTeamCountry "SYR"]
[BlackTeamCountry "JPN"]

1. d4 f5 2. e4 fxe4 3. Nc3 Nf6 4. Bg5 Nc6 5. d5 Ne5 6. Qd4 Nf7 7. Bxf6 exf6 8.
Nxe4 Be7 9. O-O-O O-O 10. Ng3 Nd6 11. f4 f5 12. Nf3 Bf6 13. Ne5 g6 14. Qf2 Qe7
15. Re1 Qg7 16. Qc5 Ne8 {Diagram #} 17. d6 cxd6 18. Qd5+ Kh8 19. Nf7+ Qxf7 20.
Qxf7 Rxf7 21. Rxe8+ Kg7 22. Bc4 Rf8 23. Rhe1 b6 24. Bd5 Rb8 25. R8e3 a5 26. Rd1
Bd8 27. Bf3 Rf6 28. Red3 Be7 29. Rc3 Kf8 30. Nf1 Bb7 31. Bxb7 Rxb7 32. Ne3 Re6
33. Rc8+ Kf7 34. Nd5 Bf8 35. Kd2 h6 36. Kd3 Re8 37. Rxe8 Kxe8 38. a4 Kf7 39.
Kc4 Be7 40. Kb5 Bd8 41. c3 Rb8 42. b4 Ke6 43. Ka6 axb4 44. cxb4 Ra8+ 45. Kb5
Rb8 46. Rd2 g5 47. g3 Rb7 48. Ka6 Rb8 49. Ka7 Rc8 50. Nxb6 Bxb6+ 51. Kxb6 Rb8+
52. Ka5 Ra8+ 53. Kb5 Rb8+ 54. Kc4 Rc8+ 55. Kb3 d5 56. a5 Kd6 57. Rc2 Ra8 58.
Ka4 Ra7 59. b5 1-0

[Event "Doha 2006"]
[Site "Doha"]
[Date "2006.12.07"]
[Round "2"]
[White "Kojima, Sh. (JPN)"]
[Black "Bakr, J. (SYR)."]
[Result "0-1"]
[WhiteElo "2187"]
[BlackElo "2335"]
[PlyCount "64"]
[EventDate "2006.??.??"]
[WhiteTeam "Japan"]
[BlackTeam "Syrien"]
[WhiteTeamCountry "JPN"]
[BlackTeamCountry "SYR"]

1. e4 c5 2. Nf3 Nc6 3. Bb5 d6 4. O-O Bd7 5. Re1 Nf6 6. c3 a6 7. Ba4 b5 8. Bc2
Bg4 9. d3 g6 10. Nbd2 Bg7 11. h3 Bxf3 12. Nxf3 O-O 13. Bg5 h6 14. Be3 Rc8 15.
Qd2 Kh7 16. Nh2 e5 17. a4 b4 18. Ng4 Ng8 19. Nh2 f5 20. exf5 gxf5 21. f4 bxc3
22. bxc3 Qa5 23. Ra3 Nge7 24. fxe5 Nd5 25. d4 Nxe3 26. Qxe3 cxd4 27. Qf4 d3 28.
Bxd3 Qc5+ 29. Kh1 Qxa3 30. Bxf5+ Kh8 31. exd6 Qc5 32. Rf1 Rcd8 0-1

[Event "Doha 2006"]
[Site "Doha"]
[Date "2006.12.07"]
[Round "2"]
[White "Mir Mahmoud, A. (SYR)."]
[Black "Nakagawa, E. (JPN)."]
[Result "1-0"]
[WhiteElo "1983"]
[BlackElo "1933"]
[PlyCount "81"]
[EventDate "2006.??.??"]
[WhiteTeam "Syrien"]
[BlackTeam "Japan"]
[WhiteTeamCountry "SYR"]
[BlackTeamCountry "JPN"]

1. d4 d5 2. c4 c6 3. Nf3 Nf6 4. Qc2 e6 5. Nc3 Nbd7 6. Bg5 Qa5 7. Bd2 Bb4 8. e3
O-O 9. a3 a6 10. Rc1 Bxc3 11. Bxc3 Qd8 12. Bd3 dxc4 13. Bxc4 Nd5 14. Bd2 Re8
15. Bd3 h6 16. e4 N5f6 17. e5 Nd5 18. O-O Nf8 19. h3 Bd7 20. Kh2 a5 21. g4 b5
22. g5 h5 23. Rg1 g6 24. b3 Kg7 25. Be4 Rc8 26. Ne1 Qb6 27. Qc5 Qxc5 28. Rxc5
Ra8 29. Nd3 Rec8 30. Rgc1 Nh7 31. R5c2 Kf8 32. Nc5 Ke7 33. Nb7 a4 34. b4 Rab8
35. Nd6 Rf8 36. h4 Rg8 37. Bd3 f5 38. gxf6+ Ndxf6 39. exf6+ Kxd6 40. Bf4+ Kd5
41. Be5 1-0